000 00385nam a2200181Ia 4500
001 14422
003 GE_BSU
008 181216s||||||||xx |||||||||||||| ||und||
040 _cGE_BSU
100 _aPriestley,J.B.
245 3 _aAn Inspector Calls.
260 _aLondon
260 _bHeineman
260 _c1992
300 _a79p.21cm.
653 _aAn Inspector Calls.
942 _cBK
999 _c47558
_d47558